Les crus du Beaujolais (du Nord au Sud) - Statistiques

Statistiques générales
  • Ce quiz a été pris 22 fois
    16 depuis la dernière actualisation
  • Le résultat moyen est 8 sur 13
Statistiques - réponses
Hint Réponse % Correct
AOC régionale Beaujolais
80%
Iris Fleurie
80%
Kirsch, a donné le nom à un verbe Morgon
80%
Iris et rose fânée Moulin-à-Vent
80%
Pêche Saint-Amour
80%
Fruits Rouges Brouilly
60%
Vin racé qui demande à mûrir Côte de Brouilly
60%
Pivoine Juliénas
60%
Le Prince du Beaujolais. Vin souple, corsé et aromatique, le + récent des crus (1988). Produit sur des sols à dominante sableuse Régnié
60%
AOC régionale Beaujolais-Villages
40%
Pivoine sur une partie Chénas
40%
Violette et village natal de Victor PULLIAT Chiroubles
40%
Phrase mnémotechnique Je Suis Amoureux Car Ma Femme Costas Mélange Rarement Cognac (et) Bière
40%
Aucun quiz correspondant
Distribution des résultats
% des personnes avec chaque résultat
Percentile par nombre de réponses
Votre historique - résultats
Vous n’avez pas pris ce quiz depuis la dernière actualisation